| 000 | 00912nam a22002297a 4500 | ||
|---|---|---|---|
| 003 | OSt | ||
| 005 | 20181001060419.0 | ||
| 008 | 180226b xxu||||| |||| 00| 0 spa d | ||
| 040 | _cPJ | ||
| 100 |
_92137 _aRivas, Adolfo Armando |
||
| 245 | 1 | 0 |
_aTratado de las tercerías : _bel proceso complejo / _cAdolfo Armando Rivas. |
| 260 |
_aBuenos Aires : _bÁbaco, _c1993. |
||
| 300 |
_a405 p. _c22 cm. _bencuadernada |
||
| 500 | _aCitas y notas a pie de página. | ||
| 501 | _aLa biblioteca posee sólo el volumen 1 de la edición encuadernada. | ||
| 505 | _aContenido: v. 1: El proceso y su complejidad -- La complejidad subjetiva -- La sucesión procesal -- Sustitución procesal -- La acción subrogatoria. | ||
| 650 | 0 |
_91148 _aDERECHO PROCESAL CIVIL |
|
| 650 | 0 |
_92401 _aPROCESO JUDICIAL |
|
| 650 | 0 |
_92362 _aPARTES DEL PROCESO |
|
| 650 | 0 |
_92433 _aTERCERÍAS |
|
| 942 |
_2udc _cLIB _h347.91/.95 _iRIV |
||
| 999 |
_c1600 _d1600 |
||